000 00605nam a2200205Ia 4500
005 20250507130341.0
008 008 250505s9999 xx 000 0 eng d
020 _a0-415-40053-8
037 _aAnnuals, Advances
040 _aEASL
_beng
_cEASL
041 _aeng
_2eng
084 _aW94.42, P6
_qEASL
100 _aShimazu Naoko Ed.
_9665174
245 0 _aNationalisms in Japan
260 _aUK
_bOxon Routledge
_c2006
300 _axi,196p.
490 _aSheffield Centre for Japanese Studies/Routledge Series
942 _cTEXL
_hW94.42, P6
999 _c1319157
_d1319157